[Event "TCh-SRB 1st League 2013"]
[Site "Kragujevac SRB"]
[Date "2013.09.01"]
[Round "9.5"]
[White "Boskovic,D"]
[Black "Vojinovic,G"]
[Result "1/2-1/2"]
[WhiteElo "2427"]
[BlackElo "2454"]

1.e4 c5 2.Nf3 Nc6 3.d4 cxd4 4.Nxd4 Qc7 5.Nc3 e6 6.Be2 a6 7.O-O Bc5 8.Nxc6 dxc6
9.Kh1 e5 10.Bg4 Nf6 11.Bxc8 Rxc8 12.Bg5 Nd7 13.Qg4 h5 14.Qf5 f6 15.Qg6+ Kf8
16.f4 Kg8 17.Bh4 exf4 18.Qf5 Re8 19.Rad1 Ne5 20.Ne2 Be3 21.Be1 Qc8 22.Nxf4 Qxf5
23.exf5 Kf7 24.Bc3 Bxf4 25.Rxf4 Rd8 26.Re1 Ng4 27.h3 Nh6 28.Kg1 Rhe8 29.Kf2 Rxe1
30.Kxe1 Rd5 31.g4 Ke7 32.Re4+ Kd7 33.Ke2 hxg4 34.hxg4 Nf7 35.Rd4  1/2-1/2

[Event "TCh-SRB 1st League 2013"]
[Site "Kragujevac SRB"]
[Date "2013.09.03"]
[Round "11.5"]
[White "Sredojevic,I"]
[Black "Miljkovic,Mih"]
[Result "1/2-1/2"]
[WhiteElo "2413"]
[BlackElo "2270"]

1.e4 c5 2.Nf3 Nc6 3.d4 cxd4 4.Nxd4 Qc7 5.Nc3 e6 6.Be2 a6 7.O-O Nf6 8.Be3 Bb4
9.Nxc6 bxc6 10.Qd4 Bd6 11.f4 e5 12.Qd2 O-O 13.Rad1 exf4 14.Bxf4 Bxf4 15.Rxf4 Re8
16.Rdf1 Re5 17.Rxf6 gxf6 18.Rxf6 Bb7 19.Qf4 d6 20.Bc4 Rf8 21.Qh6 Qe7 22.Rxd6 Qg5
23.Qh3 Kh8 24.Qf3 f6 25.Be6 Qc1+ 26.Rd1 Qxb2 27.Bb3 Qa3 28.Rd7 Bc8 29.Rd1 Qc5+
30.Kh1 Qe7 31.Qf4 Be6 32.h3 a5 33.Rd3 Rg8  1/2-1/2

[Event "Alushta Autumn 1 2013"]
[Site "Alushta UKR"]
[Date "2013.09.06"]
[Round "5"]
[White "Golubov,Saveliy"]
[Black "Shtyrenkov,V"]
[Result "1/2-1/2"]
[WhiteElo "2228"]
[BlackElo "2341"]

1.e4 c5 2.Nf3 Nc6 3.d4 cxd4 4.Nxd4 Qb6 5.Nb3 Nf6 6.Nc3 e6 7.a3 a6 8.Bf4 d5
9.exd5 Nxd5 10.Nxd5 exd5 11.Qxd5 Be6 12.Qe4 O-O-O 13.Be3 Qc7 14.Bc4 Bxc4
15.Qxc4 h5 16.a4 Be7 17.c3 Bf6 18.O-O Be5 19.h3 Bh2+ 20.Kh1 Bd6 21.Rad1 Ne5
22.Qxc7+ Bxc7 23.Nd4 Nc4 24.b3 Nxe3 25.fxe3 Rd7 26.Kg1 g6 27.Kf2 Re8 28.b4 f5
29.a5 Be5 30.Rd3 Bg7 31.Rfd1 Bh6 32.Nc2 Rxd3 33.Rxd3 Kc7 34.Nd4 Bg7 35.Nb3 Re7
36.Nc5 Be5 37.h4 Kc6 38.Nb3 Kb5 39.Nd2 Ka4 40.Nc4 Bc7 41.Nd2 Be5 42.Nc4 Bc7
43.Nd2 Be5  1/2-1/2

[Event "Chepukaitis Mem Blitz Prelim 2013"]
[Site "St Petersburg RUS"]
[Date "2013.09.07"]
[Round "6.3"]
[White "Novik,Ma"]
[Black "Alekseev,Evgeny"]
[Result "0-1"]
[WhiteElo "2462"]
[BlackElo "2710"]

1.Nf3 c5 2.e4 Nc6 3.d4 cxd4 4.Nxd4 Qb6 5.Nb3 Nf6 6.Nc3 e6 7.a3 d6 8.Bd3 a6
9.O-O Be7 10.Kh1 Qc7 11.Be3 b5 12.f4 Bb7 13.Qf3 O-O 14.Qh3 b4 15.axb4 Nxb4
16.Na5 Nxd3 17.cxd3 Rac8 18.f5 exf5 19.Rxf5 Rb8 20.Nxb7 Qxb7 21.Bd4 Qxb2
22.Raf1 Qd2 23.Bxf6 Bxf6 24.Nd5 Bd4 25.Qg3 g6 26.R5f3 Be5 27.Qh4 Rb2 28.Qg4 h5
29.Qg5 Qxg5  0-1

[Event "Alushta Autumn 4 2013"]
[Site "Alushta UKR"]
[Date "2013.09.14"]
[Round "6"]
[White "Yarmysty,M"]
[Black "Golovin,Leo"]
[Result "1/2-1/2"]
[WhiteElo "2347"]
[BlackElo "2455"]

1.e4 c5 2.Nf3 Nc6 3.d4 cxd4 4.Nxd4 Qb6 5.Nb3 Nf6 6.Nc3 e6 7.a3 d6 8.Bd3 a6
9.O-O Be7 10.Be3 Qc7 11.f4 O-O 12.Qf3 Re8 13.Rae1 Bf8 14.Kh1 Bd7 15.g4 Re7
16.g5 Ne8 17.Qg3 g6 18.f5 exf5 19.Nd5 Qd8 20.Nxe7+ Nxe7 21.Nd4 Ng7 22.Qxd6 Nc6
23.Qg3 Nxd4 24.Bxd4 Bc6 25.c3 Ne6 26.Bf6 Qb6 27.b4 h6 28.gxh6 Kh7 29.Qh3 Qc7
30.Qh4 Bxh6 31.Rf3 Nf4 32.Bg5 Nh5 33.Bxh6 Kxh6 34.Kg1 Re8 35.Rh3 Qe5 36.Rf1 Bxe4
37.Bxe4 Qxe4 38.Qxe4 Rxe4 39.Kf2 Kg5 40.Re1 Rf4+ 41.Rf3 Rh4 42.Kg1 Kf6 43.a4 Rc4
44.Re8 Nf4 45.a5 Nd5 46.Rd8 Nxc3 47.Rd7 Ne2+ 48.Kf1 Nd4 49.Rd3 Ke5 50.Rxb7 Ke4
51.Rd1 Nc2 52.Kf2 Nxb4 53.Re7+ Kf4 54.Rd2 Nc6 55.Rxf7 Nxa5 56.Rf6 Nb3 57.Ra2 Nc1
58.Rd2 Nb3 59.Ra2  1/2-1/2

[Event "TCh-CRO 2a Liga 2013"]
[Site "Bol CRO"]
[Date "2013.09.14"]
[Round "1.5"]
[White "Zufic,M"]
[Black "Szabo,Ben"]
[Result "1-0"]
[WhiteElo "2444"]
[BlackElo "2392"]

1.e4 c5 2.Nf3 Nc6 3.d4 cxd4 4.Nxd4 Qb6 5.Nb3 Nf6 6.Nc3 e6 7.Bd3 a6 8.O-O d6
9.Kh1 Be7 10.f4 Qc7 11.Qf3 O-O 12.Bd2 Nd7 13.Qh3 b5 14.Rae1 Nc5 15.Nxc5 dxc5
16.e5 g6 17.Ne4 Qd8 18.Qh6 Nd4 19.f5 exf5 20.Ng5 Bxg5 21.Bxg5 f6 22.exf6 Rf7
23.Re7 Rxe7 24.f7+ Kxf7 25.Qxh7+ Ke8 26.Qg8+ Kd7 27.Qd5+ Kc7 28.Bf4+  1-0

[Event "TCh-CRO Ia Liga 2013"]
[Site "Bol CRO"]
[Date "2013.09.14"]
[Round "1.4"]
[White "Paljusaj,E"]
[Black "Hulak,K"]
[Result "0-1"]
[WhiteElo "2316"]
[BlackElo "2484"]

1.e4 c5 2.Nf3 Nc6 3.d4 cxd4 4.Nxd4 Qc7 5.c4 e6 6.Nc3 Nf6 7.Be3 Bb4 8.Nxc6 dxc6
9.Qc2 e5 10.Be2 Nd7 11.Rd1 Be7 12.O-O O-O 13.Na4 Re8 14.c5 b5 15.cxb6 axb6
16.Bb5 Nc5 17.Bxc5 Bxc5 18.Bd3 Bd4 19.Nc3 Qb7 20.a3 b5 21.Ne2 Bb6 22.Kh1 Bd7
23.f4 c5 24.Nc3 c4 25.Be2 Bd4 26.fxe5 Bxe5 27.Bf3 Ra6 28.Qd2 Rd6 29.Nd5 Qb8
30.g3 Qd8 31.Qb4 g6 32.Nc3 Qb8 33.Nd5 Kg7 34.Rfe1 h5 35.Rd2 Rd8 36.Rde2 Rh8
37.Ne3 Rd3 38.Rd2 Be6 39.Rxd3 cxd3 40.Qd2 h4 41.g4 Qd6 42.Nd5 h3 43.Re3 Qd7
44.Rxd3 Bxg4 45.Qe2 Bxf3+ 46.Qxf3 Rh4 47.b3 Qc6  0-1

[Event "TCh-CRO Ia Liga 2013"]
[Site "Bol CRO"]
[Date "2013.09.19"]
[Round "6.1"]
[White "Armanda,I"]
[Black "Cheparinov,I"]
[Result "0-1"]
[WhiteElo "2373"]
[BlackElo "2687"]

1.e4 c5 2.Nf3 Nc6 3.d4 cxd4 4.Nxd4 Qb6 5.Nb3 Nf6 6.Nc3 e6 7.Be2 Bb4 8.O-O Bxc3
9.bxc3 Nxe4 10.Bf3 Nf6 11.Ba3 Ne5 12.Re1 Nc4 13.Bc5 Qc7 14.Qe2 d6 15.Qxc4 dxc5
16.Qxc5 Qxc5 17.Nxc5 Rb8 18.Rab1 b6 19.c4 Ke7 20.Nd3 Bd7 21.c5 bxc5 22.Nxc5 Rhc8
23.Rxb8 Rxb8 24.Nb3 Rc8 25.Rc1 Rc3 26.Kf1 g5 27.Ke1 g4 28.Bb7 Rc7 29.Ba8 Rc4
30.c3 e5 31.Nd2 Rc8 32.Bb7 Rc7 33.Ba8 Be6 34.c4 Nd7 35.Be4 f5 36.Bd3 Nc5
37.Bc2 h5 38.Rb1 Nb7 39.Rb5 Kf6 40.Bb3 Bd7 41.Rb4 Bc6 42.g3 Rc8 43.Bc2 Nc5
44.Rb1 Ne6 45.Rb4 h4 46.Nb3 Ng5 47.Nd2 hxg3 48.hxg3 Rh8 49.Ke2 Ne6 50.Ba4 a5
51.Rb5 Bxb5 52.cxb5 Rb8 53.Kd3  0-1

[Event "63rd TCh-BUL GpB 2013"]
[Site "Sunny Beach BUL"]
[Date "2013.09.20"]
[Round "3.3"]
[White "Kamenov,V"]
[Black "Stoynov,J"]
[Result "0-1"]
[WhiteElo "1842"]
[BlackElo "2221"]

1.e4 c5 2.Nf3 Nc6 3.d4 cxd4 4.Nxd4 Qb6 5.Nb3 Nf6 6.Nc3 e6 7.Be3 Qc7 8.a3 a6
9.f4 d6 10.Be2 b5 11.Bf3 Rb8 12.O-O Be7 13.Rc1 O-O 14.Ne2 Na5 15.Nxa5 Qxa5
16.e5 dxe5 17.fxe5 Nd5 18.Bd4 Bg5 19.Rb1 Be3+ 20.Bxe3 Nxe3 21.Qd6 Qb6 22.Qxb6 Rxb6
23.Rfc1 Nc4 24.Nd4 Nxe5 25.Be2 Bb7 26.Re1 Rd8 27.Rbd1 Rbd6 28.c3 Nc4 29.Bxc4 bxc4
30.Rd2 f6 31.Rf2 Kf7 32.Re3 Bd5 33.h4 h5 34.Kh2 g6 35.Kh3 Kg7 36.Rg3 Rb6
37.Re3 e5 38.Nf3 Be6+ 39.Kh2 Rdb8 40.Ree2 Bf5 41.Rd2 Bd3 42.b4 e4 43.Nd4 e3  0-1

[Event "XVII Mercosur Cup 2013"]
[Site "Villa Martelli ARG"]
[Date "2013.09.20"]
[Round "6.2"]
[White "Obregon,A"]
[Black "Valerga,D"]
[Result "1/2-1/2"]
[WhiteElo "2511"]
[BlackElo "2490"]

1.e4 c5 2.Nf3 Nc6 3.d4 cxd4 4.Nxd4 Qb6 5.Nb3 Nf6 6.Nc3 e6 7.a3 Qc7 8.Bd3 a6
9.f4 d6 10.O-O b5 11.Qf3 Bb7 12.Kh1 Be7 13.Bd2 g6 14.Rae1 b4 15.axb4 Nxb4
16.Nb5 axb5 17.Bxb4 O-O 18.Qe2 e5 19.Qd2 Kg7 20.Bc3 Bd8 21.Qe3 Bc6 22.Nd2 Nd7
23.Nf3 Bf6 24.Bb4 Ra4 25.fxe5 Nxe5 26.c3 Nxf3 27.gxf3 Re8 28.Qd2 d5 29.exd5 Rxe1
30.Qxe1 Bxd5 31.Bxb5 Ra2 32.Qe2 Qf4 33.Kg1 Qg5+ 34.Kh1 Qf4 35.Kg1 Qg5+ 36.Kh1  1/2-1/2

[Event "XXI Vallfogona Rapid Open"]
[Site "Vallfogona de Balaguer ESP"]
[Date "2013.09.22"]
[Round "6.1"]
[White "Guerra Mendez,J"]
[Black "Lopez Martinez,Josep"]
[Result "0-1"]
[WhiteElo "2519"]
[BlackElo "2543"]

1.e4 c5 2.Nf3 Nc6 3.d4 cxd4 4.Nxd4 Qc7 5.Nc3 e6 6.g3 a6 7.Bg2 h5 8.h3 h4
9.g4 Bc5 10.Nb3 Ba7 11.Qe2 Nge7 12.f4 f6 13.Be3 Ng6 14.Rf1 b5 15.O-O-O b4
16.Nd5 Qb8 17.g5 fxg5 18.f5 Bxe3+ 19.Qxe3 Nf4 20.Nxf4 gxf4 21.Rxf4 Qe5 22.Nc5 Rb8
23.Nd3 Qa5 24.Kb1 Ne5 25.Nxe5 Qxe5 26.fxe6 Qxe6 27.e5 Rb5 28.Rd6 Qe7 29.Rd5 Rf8
30.b3 Rxd5 31.Bxd5 Rxf4 32.Qxf4 g5 33.Qf5 Kd8 34.Qe4 Qc5 35.Kc1 a5 36.Bc4 Kc7
37.e6 dxe6 38.Bxe6 Bb7 39.Qh7+ Kb6 40.Qg6 Qg1+ 41.Kb2 Qd4+ 42.Kb1 Qd6 43.Qf5 Bc6
44.Qf2+ Qc5 45.Qe2 Qg1+ 46.Kb2 Qd4+ 47.Kb1 Be4 48.Bc4 Kc5 49.Bd3 Bxd3 50.cxd3 Kd6
51.Qf3 Qg1+ 52.Kb2 Qh2+ 53.Kb1 Qf4 54.Qe2 Kd5 55.Kc2 Qc7+ 56.Kd1 Qe5 57.Qf3+ Kc5
58.Qf8+ Kd4 59.Qd8+ Ke3 60.Qb6+ Qd4 61.Qe6+ Kxd3 62.Qc6 Qa1+ 63.Qc1 Qxc1+  0-1

[Event "TCh-Moscow GpA 2013"]
[Site "Moscow RUS"]
[Date "2013.09.26"]
[Round "4.1"]
[White "Oparin,G"]
[Black "Harutjunyan,G"]
[Result "1/2-1/2"]
[WhiteElo "2509"]
[BlackElo "2458"]

1.e4 c5 2.Nf3 Nc6 3.d4 cxd4 4.Nxd4 Qb6 5.Nb3 Nf6 6.Nc3 e6 7.Be2 a6 8.O-O Be7
9.Bf4 O-O 10.e5 Ne8 11.Qd2 Qc7 12.Qe3 d6 13.exd6 Bxd6 14.Bxd6 Nxd6 15.Rfd1 Nf5
16.Qh3 Ne5 17.Nd4 Nxd4 18.Rxd4 Ng6 19.Qe3 Qb6 20.Na4 Qa5 21.b3 b5 22.Nc5 e5
23.Rd6 Bf5 24.c3 Qa3 25.Bf3 e4 26.Bh5 Nf4 27.Qxf4 Qxc5 28.Rad1 Be6 29.Be2 Qxc3  1/2-1/2

[Event "23rd EYCC Open U18 2013"]
[Site "Budva MNE"]
[Date "2013.09.29"]
[Round "1.22"]
[White "Ramsdal,Jens Albert"]
[Black "Oganian,M"]
[Result "0-1"]
[WhiteElo "2045"]
[BlackElo "2331"]

1.e4 c5 2.Nf3 Nc6 3.d4 cxd4 4.Nxd4 Qc7 5.Nc3 e6 6.Be2 Nf6 7.Bg5 a6 8.Nxc6 bxc6
9.Qd4 Bd6 10.Bxf6 c5 11.Qe3 gxf6 12.g3 Be5 13.O-O h5 14.Na4 Bd4 15.Qd2 h4
16.Kg2 Bb7 17.Bf3 Ke7 18.c3 Be5 19.Rad1 d6 20.b3 Rag8 21.Qe1 f5 22.exf5 h3+  0-1

[Event "TCh-NOR Club 2013"]
[Site "Fagernes NOR"]
[Date "2013.09.29"]
[Round "5.10"]
[White "Gullaksen,E"]
[Black "Rishovd,Svein"]
[Result "1-0"]
[WhiteElo "2372"]
[BlackElo "2029"]

1.e4 c5 2.Nf3 Nc6 3.d4 cxd4 4.Nxd4 Qb6 5.Nb3 Nf6 6.Nc3 e6 7.Be3 Qc7 8.a3 d6
9.f4 a6 10.Qf3 Be7 11.Bd3 b5 12.O-O Bb7 13.Qh3 O-O 14.Kh1 b4 15.Na4 bxa3
16.bxa3 Nd7 17.Rf3 g6 18.Qh6 Rfe8 19.Rh3 Nf6 20.Rf1 Bf8 21.Qh4 Bg7 22.Bb6 Qe7
23.e5 dxe5 24.Bc5 Qd8 25.fxe5 Nh5 26.Qe4 Rb8 27.Be2 Nxe5 28.Qe3 Qd5 29.Qf2 Nf6
30.Nb6 Qe4 31.Bd6 Rbd8 32.Bc7 Rd5 33.Re3 Qxc2 34.Nxd5 exd5 35.Bxe5 Rxe5 36.Rxe5 Qxb3
37.Re8+  1-0

[Event "Tatry Open 2013"]
[Site "Tatranske Zruby SVK"]
[Date "2013.10.01"]
[Round "4.4"]
[White "Jurcik,Mari"]
[Black "Vyskocil,N"]
[Result "1-0"]
[WhiteElo "2481"]
[BlackElo "2376"]

1.e4 c5 2.Nf3 Nc6 3.d4 cxd4 4.Nxd4 Qb6 5.Nb3 Nf6 6.Nc3 e6 7.Bd3 a6 8.O-O Be7
9.Kh1 Qc7 10.f4 d6 11.a3 b6 12.Bd2 Bb7 13.Qf3 O-O 14.Rae1 d5 15.e5 Nd7 16.Qh3 g6
17.Ne2 Nc5 18.Nbd4 Nxd4 19.Nxd4 Ne4 20.Be3 Qd7 21.Rd1 Nc5 22.Be2 Rfe8 23.Bg4 Bf8
24.f5 exf5 25.Nxf5 Qc7 26.Nd6 Bxd6 27.exd6 Qxd6 28.Rxf7 h5 29.Bxc5 bxc5 30.Rxb7 Qc6
31.Rd7 Re5 32.Bf3 Rae8 33.Rg1 Rf5 34.Qxf5  1-0

[Event "Tatry Open 2013"]
[Site "Tatranske Zruby SVK"]
[Date "2013.10.04"]
[Round "7.18"]
[White "Framberk,J"]
[Black "Kernazhitsky,L"]
[Result "0-1"]
[WhiteElo "2018"]
[BlackElo "2268"]

1.e4 c5 2.Nf3 Nc6 3.d4 cxd4 4.Nxd4 Qb6 5.Nb3 Nf6 6.Nc3 e6 7.Be3 Qc7 8.Bd3 a6
9.O-O Be7 10.a4 b6 11.f4 d6 12.Kh1 Bb7 13.Qe1 O-O 14.Qg3 g6 15.Nd4 Nxd4 16.Bxd4 Nh5
17.Qf2 Nxf4 18.Bxb6 Nxd3 19.cxd3 Qd7 20.Rac1 f5 21.Qe2 Bg5 22.Rce1 Rae8 23.Be3 Bh4
24.Bf2 Bf6 25.Bg3 Bg7 26.Qc2 Kh8 27.Qb3 Bc6 28.Qc4 Qb7 29.Bxd6 Rf7 30.Rf2 Rd7
31.Bc5 Rdd8 32.b4 Bd5 33.exd5 exd5 34.Rxe8+ Rxe8 35.Qf4 Bxc3 36.Bd4+ Bxd4
37.Qxd4+ Qg7 38.Qxg7+ Kxg7 39.Kg1 Rb8 40.Rb2 Kf6 41.b5 axb5 42.axb5 Ke5 43.Kf2 Kd4
44.Rb3 Rb6 45.Kf3 g5 46.h4 h6 47.Ra3 Rxb5 48.Ra6 Rb3 49.Rxh6 Rxd3+ 50.Kf2 g4
51.Rf6 Ke5 52.Rf8 Kf4 53.h5 Rd2+ 54.Kf1 Rd1+ 55.Ke2 Rh1 56.Rd8 Kg3 57.Rxd5 Rxh5
58.Kf1 Rh1+ 59.Ke2 f4 60.Rf5 Rg1  0-1

[Event "23rd EYCC Open U18 2013"]
[Site "Budva MNE"]
[Date "2013.10.06"]
[Round "7.13"]
[White "Draskovic,L"]
[Black "Kraus,To"]
[Result "1-0"]
[WhiteElo "2304"]
[BlackElo "2370"]

1.e4 c5 2.Nf3 Nc6 3.d4 cxd4 4.Nxd4 Qb6 5.Nb3 Nf6 6.Nc3 e6 7.Bd3 Be7 8.O-O a6
9.Qe2 d6 10.a4 Qc7 11.a5 O-O 12.f4 Re8 13.Bd2 Nd7 14.Kh1 Bf8 15.Na4 Rb8 16.Be3 e5
17.f5 Nc5 18.Naxc5 dxc5 19.c3 b5 20.axb6 Qxb6 21.Bc4 a5 22.Qh5 Rb7 23.Rf3 Ra7
24.Rh3 h6 25.Bxh6 gxh6 26.Qg6+ Kh8 27.Rxh6+ Bxh6 28.Qxh6+ Kg8 29.f6 Qxb3
30.Qg7+  1-0

[Event "23rd EYCC Open U16 2013"]
[Site "Budva MNE"]
[Date "2013.10.06"]
[Round "7.37"]
[White "Murko,David"]
[Black "Hristov,Hristo Mitov"]
[Result "1/2-1/2"]
[WhiteElo "1824"]
[BlackElo "1915"]

1.e4 c5 2.Nf3 Nc6 3.d4 cxd4 4.Nxd4 Qb6 5.Nb3 Nf6 6.Nc3 e6 7.Be3 Qc7 8.g3 Bb4
9.Bg2 d5 10.exd5 Nxd5 11.Bxd5 exd5 12.O-O Bxc3 13.bxc3 O-O 14.Qxd5 Be6 15.Qh5 Rad8
16.Nd4 Nxd4 17.Bxd4 Rd5 18.Qf3 b6 19.Rfe1 Ra5 20.a3 Rc8 21.Qe4 Qc6 22.Qf4 h6
23.Re5 Rxe5 24.Qxe5 f6 25.Qe2 Re8 26.Qf1 Bc4 27.Qg2 Bd5 28.Qf1 Bf3 29.Re1 Re4
30.h3 Qe6 31.Re3 Rxe3 32.Bxe3 Bb7 33.Kh2 Qe4 34.Bd4 Qxc2 35.Qc4+ Kh7 36.Qf1 Bf3
37.Qe1 h5 38.h4 Qf5 39.Qe3 Qg4 40.Qf4 Qxf4 41.gxf4 Kg6 42.Kg3 Bd5 43.a4 Kf5
44.f3 g6 45.a5 bxa5 46.Bxa7 a4 47.Bc5 Bc4 48.Bb4 Bd3 49.Ba3 Ke6 50.Kf2 Kd5
51.Ke3 Kc4 52.Be7 Kxc3 53.Bxf6+ Kc2 54.Be7 Bf5 55.Bd6 Kc1 56.Ba3+ Kc2 57.Bd6 Be6
58.Be7 Bd5 59.Bd6 Kb2 60.Be5+ Ka2 61.Kd2 a3 62.Kc1 Bxf3 63.Bf6 Be4 64.Be5 Kb3
65.Bg7 Bf5 66.Be5 Kc4 67.Bd6 Kd5 68.Bxa3 g5 69.fxg5  1/2-1/2

[Event "Frauenbundesliga 2013-14"]
[Site "Germany GER"]
[Date "2013.10.06"]
[Round "2.2"]
[White "Madl,I"]
[Black "Girya,O"]
[Result "1/2-1/2"]
[WhiteElo "2328"]
[BlackElo "2439"]

1.e4 c5 2.Nf3 Nc6 3.d4 cxd4 4.Nxd4 Qc7 5.Nc3 e6 6.f4 Nxd4 7.Qxd4 a6 8.Be3 b5
9.Be2 Bb7 10.O-O Rc8 11.Rad1 Nf6 12.e5 Nd5 13.Nxd5 Bxd5 14.Bf3 Bc6 15.c3 Be7
16.Qd3 O-O 17.Bxc6 dxc6 18.Qd7 Rfd8 19.Qxc7 Rxc7 20.Rxd8+ Bxd8 21.c4 Rd7
22.cxb5 cxb5 23.Rc1 Rc7 24.Rxc7 Bxc7 25.Kf2 Kf8 26.Kf3 Ke7  1/2-1/2

[Event "7th Univ Cent Open 2013"]
[Site "Bogota COL"]
[Date "2013.10.10"]
[Round "2.42"]
[White "Santoyo Silva,Sergio Julian"]
[Black "Orozco,Lu"]
[Result "0-1"]
[WhiteElo "1839"]
[BlackElo "2080"]

1.e4 c5 2.Nf3 Nc6 3.d4 cxd4 4.Nxd4 Qb6 5.Nb3 Nf6 6.Be3 Qc7 7.Nc3 e6 8.a3 a6
9.Be2 b5 10.O-O b4 11.axb4 Bxb4 12.f3 O-O 13.Na4 g5 14.Nb6 Rb8 15.Nxc8 Rfxc8
16.c3 Bd6 17.h3 Bh2+ 18.Kh1 Nh5 19.f4 Nxf4 20.Bxf4 Bxf4 21.Qc2 Qe5 22.Nc5 Qxc5
23.Rxf4 Qe3 24.Rf3 Qb6 25.Rb1 Nd4 26.Qd1 Nxf3 27.Bxf3 Rxc3 28.Qxd7 Rc2 29.b3 Rc3
30.Qd4 Rxb3 31.Rxb3 Qxb3 32.Qf6  0-1

[Event "7th Univ Cent Open 2013"]
[Site "Bogota COL"]
[Date "2013.10.11"]
[Round "4.15"]
[White "Arenas,D"]
[Black "Orozco,Lu"]
[Result "1-0"]
[WhiteElo "2455"]
[BlackElo "2080"]

1.e4 c5 2.Nf3 Nc6 3.d4 cxd4 4.Nxd4 Qb6 5.Nb3 Nf6 6.Nc3 e6 7.Bd3 a6 8.Be3 Qc7
9.f4 d6 10.Qf3 Be7 11.g4 b5 12.g5 Nd7 13.O-O-O Bb7 14.Qh3 b4 15.Ne2 g6 16.Rhf1 a5
17.f5 a4 18.fxe6 fxe6 19.Nbd4 Nc5 20.Nxe6 Nxe6 21.Qxe6 Ne5 22.Bb5+ Bc6 23.Nd4 b3
24.Nxc6 Nxc6 25.Rf7 bxa2 26.Rxe7+ Qxe7 27.Bxc6+ Kd8 28.Bb6+  1-0

[Event "7th Univ Cent Open 2013"]
[Site "Bogota COL"]
[Date "2013.10.12"]
[Round "5.43"]
[White "Argote Heredia,Valentina"]
[Black "Orozco,Lu"]
[Result "1-0"]
[WhiteElo "1861"]
[BlackElo "2080"]

1.e4 c5 2.Nf3 Nc6 3.d4 cxd4 4.Nxd4 Qb6 5.Nb3 Nf6 6.Nc3 e6 7.Be2 Bb4 8.Be3 Qc7
9.f3 d5 10.O-O O-O 11.Nb5 Qb8 12.Bg5 dxe4 13.Bxf6 gxf6 14.c3 Be7 15.fxe4 Qe5
16.Rf3 Kh8 17.Rh3 Rg8 18.Bd3 Bd7 19.N5d4 Qg5 20.Qe2 Ne5 21.Nf3 Qg4 22.Rg3 Qf4
23.Rh3 Rad8 24.Nxe5 Qxe5 25.Rf1 Rg7 26.Rh5 Qd6 27.e5 Qb6+ 28.Qf2 Bc6 29.g3 f5
30.Qxb6 axb6 31.Bc2 Bg5 32.Kf2 Be7 33.Rd1 Ra8 34.a3 f4 35.Nd4 Bd5 36.gxf4 Rg2+
37.Ke3 Bc5 38.Bxh7 Kg7 39.Be4 Bxd4+ 40.Rxd4 Bxe4 41.Kxe4 Kg6 42.Rh3 f5+ 43.Kf3 Rg4
44.Rg3 Rxg3+ 45.hxg3 Rc8 46.Rd2  1-0

[Event "TCh-ISL Div1 2013-14"]
[Site "Reykjavik ISL"]
[Date "2013.10.13"]
[Round "5.4"]
[White "Antonsson,Atli"]
[Black "Fridgeirsson,D"]
[Result "0-1"]
[WhiteElo "1870"]
[BlackElo "1798"]

1.e4 c5 2.Nf3 Nc6 3.d4 cxd4 4.Nxd4 Qb6 5.Nb3 Nf6 6.Nc3 e6 7.Be3 Qc7 8.a3 Be7
9.Be2 O-O 10.O-O a6 11.f4 d6 12.Bf3 Nd7 13.Qd2 b5 14.Rad1 Rb8 15.Qf2 Bb7
16.g4 Ba8 17.Kh1 b4 18.axb4 Nxb4 19.g5 f6 20.h4 g6 21.Nd4 Nc5 22.gxf6 Bxf6
23.Rg1 Bxd4 24.Rxd4 e5 25.Rc4 Qd7 26.Bg4 Qf7 27.b3 exf4 28.Bxc5 dxc5 29.Rxc5 Rbe8
30.Bf5 Nc6 31.h5 Ne5 32.Qxf4 Qxf5 33.Qxf5 Rxf5 34.hxg6 Rh5+ 35.Kg2 hxg6 36.Kf2 Rh2+
37.Ke3 Rxc2 38.Rg5 Nd7 39.Rxg6+ Kf7 40.Rcg5 Rxc3+ 41.Kd2 Rxb3 42.Rg7+ Ke6
43.R5g6+ Nf6 44.Ra7 Rb6 45.e5 Kxe5 46.Rg5+ Kf4  0-1

[Event "TCh-Belgrade Premier liga 2013"]
[Site "Belgrade SRB"]
[Date "2013.10.14"]
[Round "3.1"]
[White "Cerovic,D"]
[Black "Nabaty,T"]
[Result "0-1"]
[WhiteElo "2349"]
[BlackElo "2579"]

1.e4 c5 2.Nf3 Nc6 3.d4 cxd4 4.Nxd4 Qb6 5.Nb3 Nf6 6.Nc3 e6 7.Qe2 d6 8.g4 Be7
9.Be3 Qc7 10.g5 Nd7 11.f4 a6 12.Bg2 b5 13.Qf2 Rb8 14.O-O O-O 15.Kh1 b4 16.Ne2 f6
17.gxf6 Nxf6 18.h3 e5 19.c3 a5 20.cxb4 a4 21.b5 Rxb5 22.Nc3 Rb4 23.Nd5 Nxd5
24.exd5 Nd8 25.Qd2 Qb8 26.fxe5 axb3 27.Bg5 Bxg5 28.Rxf8+ Kxf8 29.Rf1+ Nf7
30.Qxg5 Ba6  0-1

[Event "TCh-Belgrade Premier liga 2013"]
[Site "Belgrade SRB"]
[Date "2013.10.15"]
[Round "4.5"]
[White "Andrijevic,M"]
[Black "Miladinovic,I"]
[Result "0-1"]
[WhiteElo "2321"]
[BlackElo "2576"]

1.e4 c5 2.Nf3 Nc6 3.d4 cxd4 4.Nxd4 Qc7 5.Nc3 e6 6.Be2 a6 7.O-O Nf6 8.Be3 Bb4
9.Nxc6 bxc6 10.Na4 Be7 11.Nb6 Rb8 12.Nxc8 Qxc8 13.Bd4 c5 14.Be5 Rb6 15.Qd3 d6
16.Bc3 O-O 17.b3 d5 18.exd5 Nxd5 19.Be5 Rd8 20.Qg3 Bf6 21.Rad1 Bxe5 22.Qxe5 Qb8
23.Qxb8 Rdxb8 24.a3 Nc3 25.Rd2 Kf8 26.Bc4 Ke7 27.Rd3 Ne2+ 28.Kh1 Nd4 29.Rd2 a5
30.a4 Rd6 31.f4 Rbd8 32.g3 h6 33.Rff2 g5 34.Kg2 g4 35.h3 h5 36.c3 Nf5 37.Rxd6 Rxd6
38.Re2 Rd1 39.hxg4 hxg4 40.Kf2 Nd6 41.Re3 Nxc4 42.bxc4 Rd2+ 43.Ke1 Rd6 44.Re5 Rd3
45.f5 Kd6 46.fxe6 fxe6 47.Rg5 Rxg3 48.Kd2 Rg1 49.Rg8 g3 50.Ke2 Ke5 51.Rc8 Kf4
52.Rxc5 Ra1 53.Rc8 g2  0-1

[Event "SPICE Cup Open 2013"]
[Site "St Louis USA"]
[Date "2013.10.15"]
[Round "1.3"]
[White "Adamson,R"]
[Black "Ipatov,Alexander"]
[Result "0-1"]
[WhiteElo "2278"]
[BlackElo "2625"]

1.e4 c5 2.Nf3 Nc6 3.d4 cxd4 4.Nxd4 Qb6 5.Nb3 Nf6 6.Nc3 e6 7.Qe2 Bb4 8.Bd2 O-O
9.a3 Bxc3 10.Bxc3 e5 11.O-O-O Re8 12.f3 Rd8 13.Qb5 Qc7 14.g4 a6 15.Qc5 d6
16.Ba5 Qb8 17.Qb6 Be6 18.Bd2 d5 19.Nc5 Nd7 20.Nxd7 Rxd7 21.exd5 Bxd5 22.Qe3 Nd4
23.Be2 Qc7 24.Bc3 Rc8 25.Rd2 Be6 26.Bd3 Qc5 27.Qe4 g6 28.Re1 f6 29.Kb1 Qb6
30.Bxd4 Rxd4 31.Qe3 Qd6 32.g5 Qd5 33.c4 Qd6 34.Ka1 Rd8 35.c5 Qd5  0-1

[Event "SPICE Cup Open 2013"]
[Site "St Louis USA"]
[Date "2013.10.18"]
[Round "7.14"]
[White "Adamson,R"]
[Black "Neimer,V"]
[Result "1-0"]
[WhiteElo "2278"]
[BlackElo "2378"]

1.e4 c5 2.Nf3 Nc6 3.d4 cxd4 4.Nxd4 Qb6 5.Nb3 Nf6 6.Nc3 e6 7.Qe2 d6 8.g4 Be7
9.g5 Nd7 10.Bg2 a6 11.Be3 Qc7 12.f4 b5 13.O-O O-O 14.Rf3 Re8 15.Rh3 Nf8 16.Qf3 b4
17.Na4 Rb8 18.Qf2 Bd8 19.Rc1 Ne7 20.Nd2 e5 21.f5 d5 22.Qf1 d4 23.Bf2 Nxf5
24.exf5 Bxg5 25.Be1 Qa5 26.b3 e4 27.Rh5 Qd8 28.Rd1 g6 29.fxg6 hxg6 30.Rxg5 Qxg5
31.Bg3 Rb5 32.Bxe4 Qe3+ 33.Bf2 Rg5+ 34.Kh1 Qf4 35.Bg2 Bg4 36.Bh4 Rf5 37.Qxf4 Rxf4
38.Rf1 Ne6 39.Bg3 Rxf1+ 40.Bxf1 f5 41.Bc4 Kh7 42.Nb2 Nc5 43.Kg1 a5 44.Kf1 Bh3+
45.Kf2 Ne4+ 46.Nxe4 fxe4 47.Bc7 Rf8+ 48.Ke1 e3 49.Bg3 Kh6 50.Bd3 Bf5 51.Be5 Rd8
52.Nc4 Rd5 53.Bc7 Kg5 54.Bxa5 Kg4 55.Bxb4 Bxd3 56.cxd3 Kf3 57.Bd6 Kg2 58.Ke2 g5
59.Bg3 Rf5 60.Nxe3+ dxe3 61.Kxe3 Rf1 62.d4 Ra1 63.d5 Rxa2 64.d6 Ra7 65.Ke4 Rb7
66.Ke5 g4 67.Ke6 Rxb3 68.d7 Re3+ 69.Be5 Rd3 70.Bd6 g3 71.hxg3  1-0

[Event "80th ch-BRA S/F 1 2013"]
[Site "Rio de Janeiro BRA"]
[Date "2013.10.31"]
[Round "1.21"]
[White "Reis,Virginia Lagrange M."]
[Black "Martins,Ca1"]
[Result "0-1"]
[WhiteElo "1861"]
[BlackElo "2221"]

1.e4 c5 2.Nf3 Nc6 3.d4 cxd4 4.Nxd4 Qb6 5.Nb3 Nf6 6.f3 e6 7.c4 a5 8.a4 Bb4+
9.Nc3 O-O 10.Qd3 d5 11.Be3 Qc7 12.Nd2 dxe4 13.Ndxe4 Nxe4 14.Qxe4 f5 15.Qc2 Qe5
16.Kf2 f4 17.Bb6 Ra6 18.Bd3 Rxb6 19.Bxh7+ Kh8 20.Be4 Bc5+ 21.Kf1 Nd4  0-1

[Event "3rd Panama Open"]
[Site "Panama City PAN"]
[Date "2013.11.04"]
[Round "7.7"]
[White "Escobar Forero,A"]
[Black "Jimenez Fraga,P"]
[Result "1-0"]
[WhiteElo "2455"]
[BlackElo "2461"]

1.e4 c5 2.Nf3 Nc6 3.d4 cxd4 4.Nxd4 Qb6 5.Nb3 Nf6 6.Nc3 e6 7.Bd3 a6 8.O-O d6
9.Be3 Qc7 10.f4 Be7 11.Qf3 Rb8 12.Rae1 b5 13.Nd4 Bb7 14.Qg3 Nxd4 15.Bxd4 b4
16.Nd1 g6 17.Qh3 Rd8 18.Nf2 e5 19.Be3 Bc8 20.Qf3 Qc6 21.Bd2 a5 22.c3 Qb6
23.cxb4 axb4 24.Bc4 O-O 25.Kh1 Qd4 26.Qd3 Qc5 27.Qb3 exf4 28.Nd3 Qd4 29.Rxf4 Qa7
30.Ref1 d5 31.exd5 Ba6 32.Rxf6 Bxc4 33.Qxc4 Bxf6 34.Rxf6 b3 35.axb3 Qa1+
36.Bc1 Rfe8 37.h3 Re3 38.Rf1 Qb1 39.Qf4 Re7 40.d6 Red7 41.Ne5  1-0

[Event "Arab Clubs 2013"]
[Site "Monastir TUN"]
[Date "2013.11.08"]
[Round "7.1"]
[White "Jamal,Danar"]
[Black "Arab,A"]
[Result "0-1"]
[WhiteElo "2070"]
[BlackElo "2432"]

1.e4 c5 2.Nf3 Nc6 3.d4 cxd4 4.Nxd4 Qb6 5.Nb3 Nf6 6.Nc3 e6 7.Be3 Qc7 8.a3 a6
9.Be2 b5 10.O-O Be7 11.f4 d6 12.Bf3 Bb7 13.Kh1 O-O 14.Qe1 Rfe8 15.Qf2 Rac8
16.g4 Bf8 17.g5 Nd7 18.Bg2 g6 19.h4 Bg7 20.h5 Ne7 21.Nd4 e5 22.Nde2 f5 23.gxf6 Nxf6
24.fxe5 dxe5 25.h6 Bh8 26.Bh3 Qc4 27.b3 Nxe4 28.Qf3 Nf2+ 29.Rxf2 Bxf3+ 30.Rxf3 Qc6
31.Bg2 e4 32.Rf4 Bxc3  0-1

[Event "4th Brno Open 2013"]
[Site "Brno CZE"]
[Date "2013.11.18"]
[Round "4.11"]
[White "Kearns,C"]
[Black "Pultorak,Jan"]
[Result "1-0"]
[WhiteElo "2158"]
[BlackElo "1908"]

1.e4 c5 2.Nf3 Nc6 3.d4 cxd4 4.Nxd4 Qb6 5.Nb3 Nf6 6.Nc3 e6 7.Qe2 Bb4 8.Bd2 O-O
9.O-O-O a6 10.g4 d5 11.e5 Bxc3 12.Bxc3 Ne4 13.Be1 a5 14.Nd2 Nxd2 15.Bxd2 Qc7
16.Bc3 b6 17.f4 Ba6 18.Qe3 Bxf1 19.Rhxf1 Rfc8 20.Rf2 b5 21.f5 Nb4 22.Kb1 d4
23.Rxd4 Nd5 24.Rxd5 exd5 25.f6 Qc5 26.Bd4 Qf8 27.e6 fxe6 28.f7+ Kh8 29.Qe5 Ra6
30.Qxg7+ Qxg7 31.f8=Q+ Rxf8 32.Rxf8+  1-0